History Quiz

Random History Quiz
Score 0/160 Timer 05:00
2 Plays Today
Years % Correct
1066-1154King
94.9%
1154-1707King
94.9%
1340-1420, 1422-1801 *King
94.9%
1542-1801King
94.9%
1603-1707King
94.9%
1707-1801(King)
94.9%
1801-1901King
94.9%
1814-1837 *King
94.9%
1901-1927King
94.9%
1927-1953King
94.9%
1154-1707(Queen)
83.4%
1542-1801(Queen)
83.4%
1603-1707(Queen)
83.4%
1707-1801Queen
83.4%
1801-1901(Queen)
83.4%
1927-1953(Queen)
83.4%
from 1953Queen,
83.4%
1340-1420, 1422-1801 *(Queen)
83.4%
1066-1154of
79.4%
1121-1154 *Duke
79.4%
1121-1154 *of
79.4%
1154-1707of
79.4%
1154-1259 *Duke
79.4%
1154-1259 *of
79.4%
1154-1340 *Duke
79.4%
1154-1340 *of
79.4%
1154-1199 *of
79.4%
1199-1542of
79.4%
1340-1420, 1422-1801 *of
79.4%
1420-1422 *of
79.4%
1535-1536of
79.4%
1535-1536of
79.4%
1536-1555of
79.4%
1536-1555of
79.4%
1542-1801of
79.4%
1603-1707of
79.4%
1707-1801of
79.4%
1714-1814 *of
79.4%
1714-1837 *Duke
79.4%
1714-1837 *of
79.4%
1801-1901of
79.4%
1801-1901of
79.4%
1814-1837 *of
79.4%
1876-1948 *of
79.4%
1901-1927of
79.4%
1901-1927of
79.4%
1901-1927of
79.4%
1927-1953of
79.4%
from 1953of
79.4%
from 1953of
79.4%
from 1953of
79.4%
from 1953of
79.4%
1087-1121, from 1521of
79.4%
from 1521of
79.4%
Years % Correct
1199-1542Ireland
75.2%
1536-1555Ireland
75.2%
1542-1801Ireland
75.2%
1801-1901Ireland
75.2%
1901-1927Ireland
75.2%
1927-1953Ireland
75.2%
from 1953Ireland
75.2%
1066-1154the
74.9%
1121-1154 *the
74.9%
1535-1536the
74.9%
1536-1555the
74.9%
1801-1901the
74.9%
1901-1927the
74.9%
1901-1927the
74.9%
1901-1927the
74.9%
1927-1953the
74.9%
1927-1953the
74.9%
from 1953the
74.9%
from 1953the
74.9%
1087-1121, from 1521the
74.9%
from 1521the
74.9%
1154-1707England
73.9%
1535-1536England
73.9%
1536-1555England
73.9%
1707-1801Great
69.2%
1801-1901Great
69.2%
1901-1927Great
69.2%
1927-1953Great
69.2%
from 1953Great
69.2%
1707-1801Britain
68.4%
1801-1901Britain
68.4%
1901-1927Britain
68.4%
1927-1953Britain,
68.4%
from 1953Britain
68.4%
1420-1422 *and
67.5%
1536-1555and
67.5%
1801-1901and
67.5%
1901-1927and
67.5%
1901-1927and
67.5%
1927-1953and
67.5%
from 1953and
67.5%
from 1953and
67.5%
from 1953and
67.5%
1603-1707Scotland
65.2%
1801-1901Kingdom
65.2%
1901-1927Kingdom
65.2%
from 1953Kingdom
65.2%
1714-1814 *Prince-
64.5%
1801-1901United
62.8%
1901-1927United
62.8%
from 1953United
62.8%
1199-1542Lord
61.8%
from 1953Northern
61.6%
1535-1536in
60.7%
Years % Correct
1536-1555in
60.7%
1876-1948 *(Emperor)
60.5%
12th - 16th centuryHis
59.4%
from 16th centuryHis
59.4%
1340-1420, 1422-1801 *France
59.2%
1420-1422 *France
59.2%
from 1953Her
59.2%
12th - 16th century(Her)
59.2%
from 16th century(Her)
59.2%
1876-1948 *India
59%
1876-1948 *Empress
57.7%
1154-1259 *Normandy
57.3%
from 16th centuryMajesty
56.5%
from 1953Commonwealth
55%
from 1521Defender
54.8%
from 1521Faith
53.9%
12th - 16th centuryHighness
51.2%
1087-1121, from 1521God
50.3%
1535-1536Head
50.1%
1536-1555Head
50.1%
from 1953Head
50.1%
1066-1154English
49.3%
1087-1121, from 1521Grace
49.3%
1087-1121, from 1521By
46.3%
1714-1814 *Hanover
44.2%
1814-1837 *Hanover
44.2%
1154-1199 *Count
42%
1901-1927British
42%
1927-1953British
42%
1535-1536Church
41%
1536-1555Church
41%
from 1953Territories
39.7%
from 1953Realms
38.4%
from 1953other
37.8%
1714-1814 *Elector
37.4%
1901-1927Dominions
36.1%
1927-1953Dominions
36.1%
1121-1154 *Normans
35%
1901-1927Seas
33.3%
1927-1953Seas
33.3%
1154-1199 *Anjou
32.3%
1154-1340 *Aquitaine
31.2%
1420-1422 *Regent
30.6%
1535-1536Supreme
29.3%
1536-1555Supreme
29.3%
1901-1927beyond
29.1%
1927-1953beyond
29.1%
1558-1714etc.
24.4%
1535-1536Earth
23.1%
1536-1555Earth
23.1%
1420-1422 *Heir
21.4%
1714-1837 *Brunswick
17.8%
Remove Ads.
Support Sporcle.
Get the best of Sporcle when you Go Orange. This ad-free experience offers more features, more stats, and more fun while also helping to support Sporcle. Thank you for becoming a member.

You're not logged in!

Compare scores with friends on all Sporcle quizzes.
OR
Log In

Show Comments

Extras

Created Jul 13, 2012SourceReportNominate
Tags:England, Henry VIII, King, Queen, UK

Top Quizzes Today


Score Distribution

Your Account Isn't Verified!

In order to create a playlist on Sporcle, you need to verify the email address you used during registration. Go to your Sporcle Settings to finish the process.

Report this User

Report this user for behavior that violates our Community Guidelines.

Details: